Statistics for H - Things that start with the letter 'H'

Click here to take the quiz!

General Stats

  • This quiz has been taken 411 times
  • The average score is 8 of 20

Answer Stats

HintAnswer% Correct
Ivy League research university in Cambridge, MassHarvard
91%
"H______, we've had a problem" - James A LovellHouston
90%
Her face is said to have launched a 1000 ships (First name only)Helen
86%
Range of mountains where you can find EverestHimalayas
84%
Born Erik Weisz, this illusionist became better known as Harry H______Houdini
73%
A metric unit of area equivalent to 10,000 square metresHectare
62%
A type of rotorcraft where lift and thrust are provided by rotorsHelicopter
53%
Carthaginian general who was finally defeated at the Battle of ZamaHannibal
49%
A Bantu ethinic group found mainly in Rwanda and BurundiHutu
49%
State capital of MontanaHelena
48%
February 6 1862, Tennessee, Batlle of Fort H____Henry
31%
Phonetic alphabet word for 'H'Hotel
25%
H______ Lom played the long suffering Inspector Dreyfus in the Pink Panther seriesHerbert
17%
In mathematics and computer science a numbering system of base 16Hexadecimal
17%
Abelard and H______, 11th century loversHeloise
14%
Verbatim transcripts of Parliamentary Debates in BritainHansard
10%
A traditional African-American folk spiritualityHoodoo
8%
British Space Rock Group who released the single 'Silver Machine' in 1972Hawkwind
6%
McAllen, Tx is the largest city in this county, also a Spanish noblemanHidalgo
5%
Their tribal capital is 'Peach Springs' and means 'People of the Tall Pines'Hualapai
1%

Score Distribution

Percentile by Number Answered

Percent of People with Each Score

Your Score History

You have not taken this quiz